000 00967nam a22002417a 4500
999 _c62452
_d62452
003 Ge_BSU
005 20241108113753.0
008 241108s1996 ge ||||| |||| 00| 0 geo d
041 _ageo
080 _a616.12 გ-62
100 _aგრიგოლია, ნ.
_923648
245 _aკარდიოსპაზმი /
_cნ. გრიგოლია, ო. ქოიავა.
264 _aთბილისი ;
_bსალონიკი,
_c1996.
300 _a242 გვ. ;
_b20 სმ.
504 _aბიბლიოგრ.: გვ. 229-242.
520 _aრეზ. რუს. და ინგლ. ენ.
653 _aკარდიოსპაზმი
653 _aსაყლაპავის ანატომია
653 _aსაყლაპავის ფიზიოლოგია
653 _aმედიცინა
700 _aქოიავა, ო.
_eავტორი
_923649
942 _2udc
_cᲬᲘᲒᲜᲘ